Encyclopedia on Tagore and Contemporary Thinkers/ (Record no. 68367)

MARC details
000 -LEADER
fixed length control field 02914nam a22003257a 4500
005 - DATE AND TIME OF LATEST TRANSACTION
control field 20120710114246.0
010 ## - LCCN (DPL NO)
LC control number B-462379-388
020 ## - INTERNATIONAL STANDARD BOOK NUMBER
International Standard Book Number 9789380752136 (v-2)
Terms of availability 2000.00 (2 Vols. set)
020 ## - INTERNATIONAL STANDARD BOOK NUMBER
International Standard Book Number 9789380752136 (V-1)
Terms of availability 2000.00(2 Vols.set)
035 ## - SYSTEM CONTROL NUMBER
System control number B-462379-388
037 ## - SOURCE OF ACQUISITION
Stock number dpl
Source of stock number/acquisition K.K.Pub/Ven
082 ## - DEWEY DECIMAL CLASSIFICATION NUMBER
Classification number 190.904
100 ## - MAIN ENTRY--PERSONAL NAME
Personal name Jha, Avinash Kumar
245 ## - TITLE STATEMENT
Title Encyclopedia on Tagore and Contemporary Thinkers/
Statement of responsibility, etc by Avinash Kumar Jha
260 ## - PUBLICATION, DISTRIBUTION, ETC. (IMPRINT)
Place of publication, distribution, etc New Delhi
Name of publisher, distributor, etc Kunal
Date of publication, distribution, etc 2011
270 ## - ADDRESS
Address 4596/1A First Floor, 11 Daryaganj
City New Delhi
300 ## - PHYSICAL DESCRIPTION
Extent V-1(271p) V-2 (256p)
Dimensions 21cm
942 ## - ADDED ENTRY ELEMENTS (KOHA)
Source of classification or shelving scheme Dewey Decimal Classification
Item type English Books
Classification part 190.904
Call number suffix JHA
Holdings
Withdrawn status Lost status Materials specified (bound volume or other part) Not for loan Collection code Home library Current library Date acquired Source of acquisition Cost, normal purchase price Full call number Barcode Copy number Cost, replacement price Koha item type
    V.1 Not For Loan Reference Central Library Central Library 11/07/2012 K.K.Pub/1708/26.12.2011/25/18.01.2012/15.02.2012 2000.00 190.904 JHA B-462379 1 2000.00 English Books
    V.2 Not For Loan Reference Central Library Central Library 11/07/2012 K.K.Pub/1708/26.12.2011/25/18.01.2012/15.02.2012 2000.00 190.904 JHA B-462380 1 2000.00 English Books
    V.1 Not For Loan Reference Karol Bagh Karol Bagh 11/07/2012 K.K.Pub/1708/26.12.2011/25/18.01.2012/15.02.2012 2000.00 190.904 JHA B-462385 1 2000.00 English Books
    V.2 Not For Loan Reference Karol Bagh Karol Bagh 11/07/2012 K.K.Pub/1708/26.12.2011/25/18.01.2012/15.02.2012 2000.00 190.904 JHA B-462386 1 2000.00 English Books
    V.1 Not For Loan Reference Patel Nagar Patel Nagar 11/07/2012 K.K.Pub/1708/26.12.2011/25/18.01.2012/15.02.2012 2000.00 190.904 JHA B-462381 1 2000.00 English Books
    V.2 Not For Loan Reference Patel Nagar Patel Nagar 11/07/2012 K.K.Pub/1708/26.12.2011/25/18.01.2012/15.02.2012 2000.00 190.904 JHA B-462382 1 2000.00 English Books
    V.1 Not For Loan Reference Sarojini Nagar Sarojini Nagar 11/07/2012 K.K.Pub/1708/26.12.2011/25/18.01.2012/15.02.2012 2000.00 190.904 JHA B-462383 1 2000.00 English Books
    V.2 Not For Loan Reference Sarojini Nagar Sarojini Nagar 11/07/2012 K.K.Pub/1708/26.12.2011/25/18.01.2012/15.02.2012 2000.00 190.904 JHA B-462384 1 2000.00 English Books
    V.1 Not For Loan Reference Shahdara Branch Shahdara Branch 11/07/2012 K.K.Pub/1708/26.12.2011/25/18.01.2012/15.02.2012 2000.00 190.904 JHA B-462387 1 2000.00 English Books
    V.2 Not For Loan Reference Shahdara Branch Shahdara Branch 11/07/2012 K.K.Pub/1708/26.12.2011/25/18.01.2012/15.02.2012 2000.00 190.904 JHA B-462388 1 2000.00 English Books

© Delhi Public Library
Hit Counter
free hit counter